[Event "San Francisco TNM Spring op"]
[Site "San Francisco"]
[Date "2014.03.25"]
[Round "2"]
[White "Campers, William"]
[Black "Kadri, Barbara"]
[Result "1-0"]
[WhiteElo "1663"]
[BlackElo "612"]
[PlyCount "59"]
[EventDate "2014.03.18"]
[EventType "swiss"]
[EventRounds "8"]
[EventCountry "USA"]
[SourceTitle "EXT 2016"]
[Source "ChessBase"]
[SourceDate "2015.10.08"]
[SourceVersion "1"]
[SourceVersionDate "2015.10.08"]
[SourceQuality "1"]

1. e4 e5 2. Nf3 Nf6 3. Nc3 Nc6 4. Bb5 Bd6 5. d3 Bc5 6. 0-0 d6 7. Bg5 Bd7 8. Nd5 Qb8 9. Nxf6+ gxf6 10. Bxf6 Rg8 11. Bh4 a6 12. Ba4 Qa7 13. c3 Bg4 14. b4 b5 15. Bb3 Nxb4 16. cxb4 Bd4 17. Rc1 f6 18. Bxg8 0-0-0 19. Bxh7 Rh8 20. Bf5+ Bxf5 21. exf5 Kd7 22. Qb3 c5 23. Qe6+ Kc6 24. Bxf6 Qh7 25. Bxh8 Qxh8 26. Nxd4+ exd4 27. bxc5 b4 28. cxd6+ Kb5 29. d7 Qd8 30. Qc6+ 1-0

[Event "San Francisco TNM Fall op"]
[Site "San Francisco"]
[Date "2013.11.05"]
[Round "3"]
[White "Kadri, Barbara"]
[Black "Harris, Clarence"]
[Result "0-1"]
[WhiteElo "705"]
[BlackElo "1314"]
[PlyCount "58"]
[EventDate "2013.10.22"]
[EventType "swiss"]
[EventRounds "9"]
[EventCountry "USA"]
[SourceTitle "EXT 2016"]
[Source "ChessBase"]
[SourceDate "2015.10.08"]
[SourceVersion "1"]
[SourceVersionDate "2015.10.08"]
[SourceQuality "1"]

1. e4 e5 2. Nf3 Nc6 3. d3 d5 4. Nc3 Bb4 5. Bd2 Nf6 6. Be2 d4 7. Nxe5 Nxe5 8. a3 dxc3 9. bxc3 Ba5 10. 0-0 Nfg4 11. Qb1 a6 12. Qb2 b5 13. Bf4 Ng6 14. Bg3 Qg5 15. Bf3 Nh4 16. Be2 0-0 17. f4 Qh6 18. c4 Ne3 19. cxb5 Rb8 20. Qd4 Nxf1 21. Kxf1 Rxb5 22. a4 Rb4 23. Qc5 Qf6 24. Qxa5 Qxa1+ 25. Be1 Rb1 26. g3 Bh3+ 27. Kf2 Ng2 28. Bb4 Qd4+ 29. Kf3 Qe3# 0-1